Dresden A-Z - Quiz - Statistiken

Allgemein
  • Dieses Quiz wurde 173 mal gespielt
  • Das Durchschnittsergebnis liegt bei 16 aus 26
Antwortstatistiken
Hinweis Antwort % Korrekt
D Bester Fußballverein Dynamo Dresden
97%
F Berühmteste Sehenswürdigkeit Frauenkirche
95%
N Dresden ist unterteilt in Altstadt und ... Neustadt
94%
W Der Striezelmarkt ist ein ... Weihnachtsmarkt
89%
S Berühmte Oper Semperoper
88%
E Spitzname (Fluss + Partnerstadt) Elbflorenz
86%
G Museum in das 2019 eingebrochen wurde Grünes Gewölbe
84%
V Automarke der Gläsernen Manufaktur Volkswagen
84%
A Sächsischer Kurfürst und Polnischer Königgeboren in Dresden August der Starke
82%
I Sport der Eislöwen (engl.) Ice Hockey
79%
P Beliebte Einkaufsstraße Prager Straße
79%
R Spielstätte der SGD Rudolf-Harbig-Stadion
70%
U Bekanntes Kino UFA Kristallpalast; UCI
70%
O Großes Sportgelände Ostragehege
67%
Z Sehenswürdigkeit mit Gartenanlage Zwinger
58%
M Erfolgreiche Footballmannschaft Monarchs
55%
Y Ehemalige Zigarettenfabrik, die wieeine Moschee aussieht Yenidze
53%
H Kirche/Sehenswürdigkeit am Theaterplatz Hofkirche
51%
J Open Air Gelände im großen Garten Junge Garde
47%
K Konzerthalle am Altmarkt Kulturpalast
46%
T Basketballverein Titans
41%
Q Sächsisches Süßgebäck aus Quarkteig Quarkkeulchen
37%
B Spielstätte des HC Elbflorenz BallsportARENA
33%
L Grenzender Landkreis Landkreis Meißen; Landkreis Bautzen
28%
C Aussichtspunkt an der Elbe Canaletto-Blick
18%
X Museum an der Brühlschen Terasse Xperience
10%
Keine übereinstimmenden Quizze gefunden
Verteilung der Resultate
Anzahl Personen mit jedem Resultat
Perzentil nach korrekt beantworteten Fragen
Ihre Resultats-Entwicklung
Sie haben dieses Quiz noch nicht gespielt